LIBRARY & INFORMATION CENTRE, KCAET, TAVANUR

ONLINE PUBLIC ACCESS CATALOGUE (OPAC)

Introduction to data structures with applications / (Record no. 9524)

MARC details
000 -LEADER
fixed length control field 00551cam a2200193ua 4500
020 ## - INTERNATIONAL STANDARD BOOK NUMBER
ISBN 0 07 462471 7
041 ## - LANGUAGE CODE
Language code of text/sound track or separate title eng
082 ## - DEWEY DECIMAL CLASSIFICATION NUMBER
Classification number 005.73
Item number TRE/N
100 ## - MAIN ENTRY--AUTHOR NAME
Personal name Tremblay, Jean-Paul .
245 ## - TITLE STATEMENT
Title Introduction to data structures with applications /
250 ## - EDITION STATEMENT
Edition statement 2 /
260 ## - PUBLICATION, DISTRIBUTION, ETC. (IMPRINT)
Place of publication New Delhi :
Name of publisher Tata Mc-Graw Hill Publishing Company ,
Year of publication 1984.
300 ## - PHYSICAL DESCRIPTION
Number of Pages 861 ; .
700 1# - ADDED ENTRY--PERSONAL NAME
Personal name Sorenson, Paul G .
942 ## - ADDED ENTRY ELEMENTS (KOHA)
Koha item type Books
Holdings
Withdrawn status Lost status Damaged status Home library Current library Date acquired Full call number Accession Number Koha item type
      KAUAET KAUAET 07/04/2012 005.73 18744 Books
free website counter